000 00943nam a2200253Ia 4500
003 OSt
005 20220923222556.0
006 a|||||r|||| 00| 0
007 ta
008 220922b |||||||| |||| 00| 0 hin d
024 _a206,178
037 _cTextual
040 _aARTS
_cARTS
_bhin
041 _2hin
_ahin
082 _aO152,4M89x, L6
100 _aप्रसाद, रत्नशंकर; त्रिपाठी, गिरिशचंद्र
_9167090
245 0 _aप्रसाद के नाम पत्र
246 _aPrasād ke nām patra
260 _aदिल्ली
_b नेशनल पब्लि0 हा0
_c1976
300 _a202पृ.
_ccm.
650 _aहिन्दी साहित्य
_9156264
942 _hO152,4M89x, L6
_cTEXL
_2CC
999 _c356839
_d356839